LIBRARY & INFORMATION CENTRE, KCAET, TAVANUR

ONLINE PUBLIC ACCESS CATALOGUE (OPAC)

Electrical machinery / (Record no. 10295)

MARC details
000 -LEADER
fixed length control field 00499cam a2200217ua 4500
041 ## - LANGUAGE CODE
Language code of text/sound track or separate title eng
082 ## - DEWEY DECIMAL CLASSIFICATION NUMBER
Classification number 621.31042
Item number SEN/EL
100 ## - MAIN ENTRY--AUTHOR NAME
Personal name Sen, S K .
245 ## - TITLE STATEMENT
Title Electrical machinery /
250 ## - EDITION STATEMENT
Edition statement 3 /
260 ## - PUBLICATION, DISTRIBUTION, ETC. (IMPRINT)
Place of publication Delhi :
Name of publisher Khanna publishers ,
Year of publication 1995.
300 ## - PHYSICAL DESCRIPTION
Number of Pages 671 ; .
500 ## - GENERAL NOTE
General note *CSS
942 ## - ADDED ENTRY ELEMENTS (KOHA)
Koha item type Books
Holdings
Withdrawn status Lost status Damaged status Home library Current library Shelving location Date acquired Full call number Accession Number Koha item type
      KAUAET KAUAET Scheme 05/09/2018 621.31042 SEN/EL 19135 Book Bank scheme for SC students
      KAUAET KAUAET Scheme 05/09/2018 621.31042 SEN/EL 19136 Book Bank scheme for SC students
      KAUAET KAUAET Scheme 06/09/2018 621.31042 SEN/EL 19134 Book Bank scheme for SC students
free website counter